| 000 | 00514nam a22001937a 4500 | ||
|---|---|---|---|
| 005 | 20240326113228.0 | ||
| 008 | 240326b |||||||| |||| 00| 0 eng d | ||
| 020 | _a9781337093422 | ||
| 082 |
_a005.74 _bSTA-C |
||
| 100 | _aStarcks | ||
| 245 |
_aConcepts of database management / _cPratt, Last |
||
| 250 | _a9th ed. | ||
| 260 |
_aindia: _bCengage Learning; _c2019. |
||
| 300 |
_axv, 405p. : _bill; _c27 cm. |
||
| 500 | _ainclude index. | ||
| 650 | _acomputer science/Database | ||
| 700 | _aPratt | ||
| 999 |
_c35466 _d35466 |
||